World Cup 2013 - Top of The Charts (Record no. 565343)
[ view plain ]
| 000 -LEADER | |
|---|---|
| fixed length control field | 00328nam a2200121Ia 4500 |
| 008 - FIXED-LENGTH DATA ELEMENTS--GENERAL INFORMATION | |
| fixed length control field | 210430s9999 xx 000 0 und d |
| 020 ## - INTERNATIONAL STANDARD BOOK NUMBER | |
| International Standard Book Number | 9698893-01-6 |
| 082 ## - DEWEY DECIMAL CLASSIFICATION NUMBER | |
| Classification number | M2141W 595.726 |
| 100 ## - MAIN ENTRY--PERSONAL NAME | |
| Personal name | Syed Khalid Mahmood |
| 9 (RLIN) | 1581 |
| 245 ## - TITLE STATEMENT | |
| Title | World Cup 2013 - Top of The Charts |
| Statement of responsibility, etc. | Syed Khalid Mahmood |
| 300 ## - PHYSICAL DESCRIPTION | |
| Extent | 186 |
| 942 ## - ADDED ENTRY ELEMENTS (KOHA) | |
| Koha item type | Book |
| Source of classification or shelving scheme | |
| Withdrawn status | Lost status | Damaged status | Not for loan | Collection code | Permanent Location | Current Location | Shelving location | Date acquired | Total Checkouts | Full call number | Barcode | Date last seen | Price effective from | Koha item type |
|---|---|---|---|---|---|---|---|---|---|---|---|---|---|---|
| School of Chemical & Materials Engineering (SCME) | School of Chemical & Materials Engineering (SCME) | General Stacks | 01/16/1 | M2141W 595.726 | SCME-4660 | 04/30/2021 | 04/30/2021 | Book |
